000 03242nab a2200253 i 4500
003 BR-BrBNA
005 20250130111537.0
008 250130b2012 bl.qr|pooa||| 00| 0 por |
040 _aBR-BrBNA
_bpor
072 _aF40
072 _aF50
100 _aBrito, Eliete da Silva
100 _aIlkiu-Borges, Anna Luiza
245 _aPrimeiro registro de Cololejeunea panamensis (Lejeuneaceae) para a América do Sul
500 _aPublicação on-line; 13 ref.; 1 illus.; Summaries (En, Pt)
520 _a Resumo Cololejeunea panamensis G. Dauphin & Pócs, descrita em 2006 foi referida como endêmica para a ilha de Barro Colorado no Panamá, América Central. Durante um estudo sobre a brioflora da ilha do Marajó, uma espécie de Cololejeunea mostrou-se diferente das espécies já registradas no Brasil, provando ser uma nova ocorrência para a América do Sul. O objetivo desse trabalho é divulgar a ocorrência dessa espécie em território brasileiro e ampliar o conhecimento sobre sua distribuição geográfica, morfologia e ecologia. O material estudado foi coletado na ilha do Marajó, município de Soure, estado do Pará, Brasil, no período de 10 a 16 de Janeiro de 2007. As amostras coletadas estão depositadas no Herbário do Museu Paraense Emílio Goeldi (MG). Foram coletadas um total de nove amostras contendo Cololejeunea panamensis, sendo esse o segundo registro já feito da espécie além do material tipo e o primeiro registro para a América do Sul. A espécie é descrita taxonomicamente, ilustrada e são feitos comentários sobre a distribuição geográfica, variação morfológica e habitat. Palavras-chave: Marchantiophyta, hepáticas, briófitas, Ilha do Marajó, Amazônia. Abstract Cololejeunea panamensis G. Dauphin & Pócs was described in 2006 and cited as endemic to Barro Colorado Island in Panama, Central America. During a study on the bryophytes of Marajó Island, one of the Cololejeunea collected showed differences from the species recorded in Brazil, proving to be a new record for South America. The aim of this study is to report the occurrence of this species in Brazil and discuss its geographic distribution, morphology and ecology. The material studied was collected on Marajó Island, municipality of Soure, Para state, Brazil, from 10 to 16January 2007. The collections are deposited in the herbarium of Museu Paraense Emílio Goeldi (MG). We sampled nine collections containing Cololejeunea panamensis. This is the second record for C. panamensis after the type collection and the first record in South America. The species is described taxonomically, illustrated and comments on geographic distribution, morphology and habitat are presented. Key words: Marchantiophyta, liverworts, bryophytes, Marajó Island, Amazon.
650 _aBRIÓFITA
650 _aILHA DE MARAJÓ
650 _aAMAZÔNIA
773 0 _0709
_9347388
_dRio de Janeiro-RJ Jardim Botanico do Rio de Janeiro 1935
_o2024-8391
_tRodriguésia (Brazil)
_x0370-6583; 2175-7860 on-line
_gv. 63(3) p. 751-753; (2012)
_wBR2024002978
856 _uhttps://www.scielo.br/j/rod/a/b9YKLwjNmsC6dSNRchvQF5M/?format=pdf&lang=pt
942 _cANA
999 _c329740
_d329740